LEADER 01271nam0 2200289 450 001 000027273 005 20100407133905.0 010 $a88-14-15263-2 100 $a20100407d2009----km-y0itay50------ba 101 0 $aita 102 $aIT 105 $ay-------001yy 200 1 $aOrdinamento sportivo e calcio professionale : tra diritto ed economia$fa cura di Roberta Lombardi, Salvatore Rizzello, Franco Gaetano Scoca, Mario R. Spasiano 210 $aMilano$cGiuffrè$dc2009 215 $aXII, 328 p.$d24 cm 225 2 $aMemorie della Facoltà di Giurisprudenza$fUniverswità del Piemonte orientale "Amedeo Avogadro"$v29 410 0$12001$aMemorie della Facoltà di giurisprudenza. Universtà del Piemonte orientale "Amedeo Avogadro" 500 10$aOrdinamento sportivo e calcio professionistico : tra diritto ed economia$958818 610 1 $aGioco del calcio$aItalia$aDiritto 676 $a344.45099$v22$9Diritto in materia di attività ricreative e sportive. Italia 702 1$aLombardi,$bRoberta 702 1$aRizzello,$bSalvatore 801 0$aIT$bUNIPARTHENOPE$c20100407$gRICA$2UNIMARC 912 $a000027273 951 $a344-O/2$b42096$cNAVA1$d2010 996 $aOrdinamento sportivo e calcio professionistico : tra diritto ed economia$958818 997 $aUNIPARTHENOPE LEADER 02383nam 2200613 a 450 001 9910966422403321 005 20251117115943.0 035 $a(CKB)1000000000002806 035 $a(OCoLC)70764846 035 $a(CaPaEBR)ebrary2001856 035 $a(SSID)ssj0000279323 035 $a(PQKBManifestationID)11210654 035 $a(PQKBTitleCode)TC0000279323 035 $a(PQKBWorkID)10259482 035 $a(PQKB)10279183 035 $a(MiAaPQ)EBC3016990 035 $a(Au-PeEL)EBL3016990 035 $a(CaPaEBR)ebr2001856 035 $a(OCoLC)923650720 035 $a(BIP)527813 035 $a(EXLCZ)991000000000002806 100 $a19960313d1996 uy 0 101 0 $aeng 135 $aurcn||||||||| 181 $ctxt 182 $cc 183 $acr 200 10$aExistence, thought, style $eperspectives of a primary relation : portrayed through the work of Sren Kierkegaard /$fG. Heath King ; edited by Timothy Kircher 205 $a1st ed. 210 $aMarquette $cMarquette University Press$dc1996 215 $a1 online resource (208 p.) 225 1 $aMarquette studies in philosophy ;$vno. 9 300 $aOriginally presented in German as the author's thesis (doctoral--Universitat Freiburg im Breisgau, 1984). 311 08$a0-87462-606-4 320 $aIncludes bibliographical references (p. [173]-181) and index. 327 $aIntro -- Editor's Introduction -- Chapter I -- Chapter II -- Chapter III -- Chapter IV -- Chapter V -- Chapter VI -- Chapter VII -- Bibliography of Cited Works -- Index of Names. 330 $aThis work considers how relevant the mode of existence of a philosopher is to his philosophizing. On the basis of this insight, the work derives an understanding of style that has in view this very correspondence of thought and mode of existence. 410 0$aMarquette studies in philosophy ;$v#9. 606 $aStyle (Philosophy) 606 $aIndividual differences 606 $aThought and thinking 615 0$aStyle (Philosophy) 615 0$aIndividual differences. 615 0$aThought and thinking. 676 $a198/.9 700 $aKing$b G. Heath$01596752 701 $aKircher$b Timothy$01622914 801 0$bMiAaPQ 801 1$bMiAaPQ 801 2$bMiAaPQ 906 $aBOOK 912 $a9910966422403321 996 $aExistence, thought, style$94470021 997 $aUNINA